000 01108nas1a22003011i 4500
001 RU\NLR\Per\1249308
005 20241105232400.0
011 _a2500-0012
035 _a(NLR Aleph) 011229479
090 _a12062517
_c12062517
100 _a20160819a20169999|||y0rusy50 ca
101 0 _arus
102 _aRU
110 _aau|||||||||
200 1 _aЗвездные войны. За кадром
_dStar wars insider
_eжурнал
207 0 _a2016, № 1 -
210 _aМосква
_cОригами
_d2016 -
510 1 _aStar wars insider
_zeng
605 _a"Звездные войны"
_jПериодические издания
_lкиноэпопея
_92555279
_3RU\NLR\AUTH\661511844
686 1 _aЩ374.3(7США)6-7"Звездные войны" я52
852 _aNLR
_jП29/2009
942 _cJOURNAL
980 _aRUSPER